[Event "OP-2023-0-05395"]
[Site "LSS email"]
[Date "2023.04.06"]
[Round "?"]
[White "Schleef, Harald"]
[Black "Jokmin, Guido"]
[Result "1-0"]
[WhiteElo "2109"]
[BlackElo "706"]
[PlyCount "33"]
[EventDate "2023.04.02"]
[EventType "tourn (corr)"]
[EventRounds "4"]
[EventCountry "GER"]
[SourceTitle "Corr 2024"]
[Source "ChessBase"]
[SourceDate "2023.10.19"]
[SourceVersion "1"]
[SourceVersionDate "2023.10.19"]
[SourceQuality "1"]

1. e4 e6 2. d4 d5 3. exd5 exd5 4. Nf3 Nf6 5. Bd3 Bd6 6. Nc3 Nc6 7. 0-0 0-0 8. Bg5 Bg4 9. Kh1 Nxd4 10. Bxh7+ Kxh7 11. Qxd4 Bxf3 12. gxf3 Be7 13. Qh4+ Kg8 14. Rg1 d4 15. Ne4 Re8 16. Nxf6+ Bxf6 17. Bxf6 1-0

[Event "OP-2023-0-05395"]
[Site "LSS email"]
[Date "2023.04.05"]
[Round "?"]
[White "Puertas, Francisco Javier"]
[Black "Jokmin, Guido"]
[Result "1-0"]
[WhiteElo "1645"]
[BlackElo "706"]
[PlyCount "48"]
[EventDate "2023.04.02"]
[EventType "tourn (corr)"]
[EventRounds "4"]
[EventCountry "GER"]
[SourceTitle "Corr 2024"]
[Source "ChessBase"]
[SourceDate "2023.10.19"]
[SourceVersion "1"]
[SourceVersionDate "2023.10.19"]
[SourceQuality "1"]

1. f4 Nf6 2. Nf3 g6 3. g3 Nc6 4. c4 e6 5. Bg2 Bg7 6. 0-0 0-0 7. Nc3 b6 8. e4 d6 9. e5 dxe5 10. Nxe5 Nxe5 11. fxe5 Qd4+ 12. Kh1 Rb8 13. exf6 Bxf6 14. Ne2 Qe5 15. d4 Qh5 16. Rxf6 Bb7 17. Bxb7 Rxb7 18. Qf1 c6 19. Nf4 Qg4 20. Nxe6 Qe4+ 21. Kg1 Re8 22. Bh6 Rxe6 23. Rxe6 Qxd4+ 24. Kh1 Qxb2 1-0

[Event "LSS RN-2023-0-01619"]
[Site "LSS email"]
[Date "2023.02.27"]
[Round "?"]
[White "Jokmin, Guido"]
[Black "Lorient, Carbec"]
[Result "0-1"]
[WhiteElo "750"]
[BlackElo "800"]
[PlyCount "38"]
[EventDate "2022.08.09"]
[EventType "tourn (corr)"]
[EventRounds "6"]
[EventCountry "GER"]
[SourceTitle "Corr 2024"]
[Source "ChessBase"]
[SourceDate "2023.10.19"]
[SourceVersion "1"]
[SourceVersionDate "2023.10.19"]
[SourceQuality "1"]

1. e4 c5 2. d4 cxd4 3. Nf3 d6 4. Nxd4 Nf6 5. Nc3 a6 6. Be2 e5 7. Nf3 Be7 8. 0-0 0-0 9. Be3 b5 10. a3 Bb7 11. Nd5 Nbd7 12. b4 Nxe4 13. Nxe7+ Qxe7 14. c4 Nc3 15. Qc2 Nxe2+ 16. Qxe2 bxc4 17. Bd2 Rac8 18. Nd4 c3 19. Be3 exd4 0-1

[Event "LSS RN-2023-0-01619"]
[Site "LSS email"]
[Date "2023.02.27"]
[Round "?"]
[White "Lombardi, Donato"]
[Black "Jokmin, Guido"]
[Result "1-0"]
[WhiteElo "835"]
[BlackElo "750"]
[PlyCount "40"]
[EventDate "2022.08.09"]
[EventType "tourn (corr)"]
[EventRounds "6"]
[EventCountry "GER"]
[SourceTitle "Corr 2024"]
[Source "ChessBase"]
[SourceDate "2023.10.19"]
[SourceVersion "1"]
[SourceVersionDate "2023.10.19"]
[SourceQuality "1"]

1. e4 e6 2. d4 d5 3. Bd3 Nc6 4. Nf3 Bd7 5. 0-0 dxe4 6. Bxe4 Nf6 7. Bxc6 Bxc6 8. c4 Be7 9. Nc3 0-0 10. Bg5 b5 11. cxb5 Bb7 12. a4 a6 13. Re1 c6 14. Bxf6 Bxf6 15. Ne4 c5 16. Nxf6+ Qxf6 17. dxc5 axb5 18. axb5 Qxb2 19. c6 Rxa1 20. Qxa1 Ba8 1-0

[Event "LSS RN-2022-0-01617"]
[Site "LSS email"]
[Date "2022.12.31"]
[Round "?"]
[White "Jokmin, Guido"]
[Black "Martin, Hector"]
[Result "0-1"]
[WhiteElo "763"]
[BlackElo "898"]
[PlyCount "62"]
[EventDate "2022.06.10"]
[EventType "tourn (corr)"]
[EventRounds "6"]
[EventCountry "GER"]
[SourceTitle "Corr 2024"]
[Source "ChessBase"]
[SourceDate "2023.10.19"]
[SourceVersion "1"]
[SourceVersionDate "2023.10.19"]
[SourceQuality "1"]

1. e4 Nc6 2. d4 d5 3. Nc3 dxe4 4. d5 Ne5 5. Be2 Nf6 6. Bf4 Ng6 7. Bg5 c6 8. Bxf6 exf6 9. Qd4 f5 10. 0-0-0 c5 11. Bb5+ Bd7 12. Qc4 Bd6 13. f3 Qg5+ 14. f4 Nxf4 15. Kb1 0-0-0 16. Ba6 Kb8 17. g3 Ng2 18. Nh3 Qh6 19. Qb3 b6 20. Nf2 Bc8 21. Bxc8 Rxc8 22. Qa4 Rc7 23. Nb5 Re7 24. Qa3 f4 25. Nxe4 Be5 26. d6 Rd7 27. Rd2 Ne3 28. Qa4 fxg3 29. h4 Qf4 30. Nbc3 Rhd8 31. Nb5 g2 0-1

[Event "LSS RN-2022-0-01617"]
[Site "LSS email"]
[Date "2022.12.08"]
[Round "?"]
[White "Tolnai, Rudolf"]
[Black "Jokmin, Guido"]
[Result "0-1"]
[WhiteElo "812"]
[BlackElo "763"]
[PlyCount "50"]
[EventDate "2022.06.10"]
[EventType "tourn (corr)"]
[EventRounds "6"]
[EventCountry "GER"]
[SourceTitle "Corr 2024"]
[Source "ChessBase"]
[SourceDate "2023.10.19"]
[SourceVersion "1"]
[SourceVersionDate "2023.10.19"]
[SourceQuality "1"]

1. e4 e6 2. d4 d5 3. e5 c5 4. Bb5+ Nc6 5. Bxc6+ bxc6 6. Nf3 Ne7 7. Bg5 Ba6 8. dxc5 Qa5+ 9. Qd2 Qxc5 10. Be3 Qb5 11. Nc3 Qb7 12. b3 Nf5 13. Na4 Nxe3 14. Qxe3 Bb4+ 15. c3 Ba3 16. Nd2 0-0 17. c4 Bb4 18. 0-0 Bxd2 19. Qxd2 dxc4 20. b4 c3 21. Qxc3 Bxf1 22. Rxf1 Qb5 23. Nc5 Rfd8 24. a4 Qe2 25. Nb7 Rd1 0-1

[Event "LSS SN-2022-0-01034"]
[Site "LSS email"]
[Date "2022.09.03"]
[Round "?"]
[White "Jokmin, Guido"]
[Black "Molina, Vicente Andres"]
[Result "0-1"]
[WhiteElo "801"]
[BlackElo "836"]
[PlyCount "115"]
[EventDate "2021.10.03"]
[EventType "tourn (corr)"]
[EventRounds "6"]
[EventCountry "GER"]
[SourceTitle "Corr 2024"]
[Source "ChessBase"]
[SourceDate "2023.10.19"]
[SourceVersion "1"]
[SourceVersionDate "2023.10.19"]
[SourceQuality "1"]

1. e4 e5 2. f4 d5 3. Nf3 Nf6 4. exd5 e4 5. Ne5 Bd6 6. Nc3 0-0 7. d4 exd3 8. Nxd3 Bg4 9. Be2 Bxe2 10. Nxe2 Nxd5 11. 0-0 Nc6 12. Bd2 Qf6 13. a3 Rfe8 14. c4 Ne3 15. Bxe3 Rxe3 16. Ng3 Qd4 17. Nf5 Qe4 18. Nxe3 Qxe3+ 19. Kh1 Rd8 20. Re1 Qd4 21. c5 Bxc5 22. Nxc5 Qxc5 23. Qe2 g6 24. b4 Qc3 25. Rec1 Qf6 26. Qe3 a6 27. a4 Nxb4 28. Ra3 Qb2 29. Rb3 Qd4 30. Qxd4 Rxd4 31. g3 a5 32. Rxc7 b6 33. Rb7 Nd5 34. Rd7 Rd1+ 35. Kg2 Ne3+ 36. Rxe3 Rxd7 37. h4 Rd4 38. Ra3 Rb4 39. Kf3 Kg7 40. Kg4 h5+ 41. Kf3 f5 42. Ra2 Kf6 43. Ke3 Ke6 44. Kf3 Kd5 45. Ke2 Ke4 46. Ra3 Rb2+ 47. Kf1 Kd4 48. Ke1 Kc4 49. Re3 Rb3 50. Re6 Rxg3 51. Rc6+ Kb4 52. Rxb6+ Kxa4 53. Kf2 Rg4 54. Kf3 Rxh4 55. Rxg6 Rh3+ 56. Kg2 Rh4 57. Kg3 Rg4+ 58. Rxg4 0-1

[Event "LSS SN-2022-0-01034"]
[Site "LSS email"]
[Date "2022.09.02"]
[Round "?"]
[White "Jokmin, Guido"]
[Black "Tolnai, Rudolf"]
[Result "0-1"]
[WhiteElo "801"]
[BlackElo "826"]
[PlyCount "102"]
[EventDate "2021.10.03"]
[EventType "tourn (corr)"]
[EventRounds "6"]
[EventCountry "GER"]
[SourceTitle "Corr 2024"]
[Source "ChessBase"]
[SourceDate "2023.10.19"]
[SourceVersion "1"]
[SourceVersionDate "2023.10.19"]
[SourceQuality "1"]

1. e4 e5 2. f4 exf4 3. Bc4 Be7 4. Nf3 Bh4+ 5. Kf1 Be7 6. d4 g5 7. Ne5 Nh6 8. Nd2 0-0 9. Qh5 Kg7 10. Ng4 Nxg4 11. Nf3 c6 12. b3 d5 13. Bd3 Ne3+ 14. Bxe3 fxe3 15. e5 Rh8 16. e6 Bxe6 17. Re1 g4 18. Ne5 Bg5 19. Be2 f5 20. Bd3 Nd7 21. g3 Nxe5 22. dxe5 Qf8 23. Qxg5+ Kf7 24. Qf6+ Kg8 25. Qxe6+ Kg7 26. Bxf5 Re8 27. Qf6+ Qxf6 28. exf6+ Kxf6 29. Bxg4 d4 30. Ke2 Kg5 31. Bf3 Re7 32. Kd3 c5 33. h4+ Kf6 34. g4 b6 35. Be4 Rhe8 36. Rhf1+ Kg7 37. g5 Rxe4 38. Rh1 Rg4 39. c3 e2 40. Rxe2 Rg3+ 41. Kd2 dxc3+ 42. Kd1 Rxe2 43. Kxe2 Rg2+ 44. Kd1 Rxa2 45. Rh3 c2+ 46. Kc1 Kg6 47. Rc3 Kh5 48. Rc4 Ra1+ 49. Kb2 c1Q+ 50. Rxc1 Rxc1 51. Kxc1 Kxh4 0-1

[Event "OP-2022-0-05319"]
[Site "LSS email"]
[Date "2022.08.22"]
[Round "?"]
[White "Jokmin, Guido"]
[Black "Gonzalez, Gustavo"]
[Result "1/2-1/2"]
[WhiteElo "774"]
[BlackElo "1800"]
[PlyCount "46"]
[EventDate "2022.08.17"]
[EventType "tourn (corr)"]
[EventRounds "4"]
[EventCountry "GER"]
[SourceTitle "Corr 2024"]
[Source "ChessBase"]
[SourceDate "2023.10.19"]
[SourceVersion "1"]
[SourceVersionDate "2023.10.19"]
[SourceQuality "1"]

1. e4 c6 2. d4 d5 3. Nc3 dxe4 4. Nxe4 Bf5 5. Ng3 Bg6 6. h4 h6 7. h5 Bh7 8. Bd3 Qxd4 9. Nf3 Qd8 10. Qe2 Bxd3 11. cxd3 Nf6 12. Bd2 e6 13. 0-0-0 Nbd7 14. Kb1 a5 15. Bc3 b5 16. d4 Be7 17. Ne5 Nxe5 18. dxe5 Nd5 19. Ne4 0-0 20. Qf3 Qb6 21. Bd4 Qc7 22. Rc1 Rac8 23. Nc5 Rfd8 1/2-1/2

[Event "OP-2022-0-05319"]
[Site "LSS email"]
[Date "2022.08.22"]
[Round "?"]
[White "Jokmin, Guido"]
[Black "Vasseur, Olivier"]
[Result "0-1"]
[WhiteElo "774"]
[BlackElo "1728"]
[PlyCount "56"]
[EventDate "2022.08.17"]
[EventType "tourn (corr)"]
[EventRounds "4"]
[EventCountry "GER"]
[SourceTitle "Corr 2024"]
[Source "ChessBase"]
[SourceDate "2023.10.19"]
[SourceVersion "1"]
[SourceVersionDate "2023.10.19"]
[SourceQuality "1"]

1. e4 c5 2. d4 cxd4 3. c3 dxc3 4. Nxc3 d6 5. Nf3 a6 6. Be3 Nf6 7. Bc4 e6 8. Qe2 Nbd7 9. 0-0 Be7 10. Rfd1 Qc7 11. Rac1 0-0 12. e5 dxe5 13. Na4 Qb8 14. Bb3 b5 15. Nc5 Nxc5 16. Bxc5 Bxc5 17. Nxe5 Qb6 18. Nd3 Be7 19. Ne5 Bb7 20. Qe3 Qxe3 21. fxe3 Rac8 22. a4 Rxc1 23. Rxc1 Rc8 24. Rd1 h6 25. axb5 axb5 26. h3 Nd5 27. e4 Nf6 28. Nd7 Bxe4 0-1

[Event "OP-2022-0-05301"]
[Site "LSS email"]
[Date "2022.06.21"]
[Round "?"]
[White "Jokmin, Guido"]
[Black "Carey, Graeme"]
[Result "0-1"]
[WhiteElo "727"]
[BlackElo "1962"]
[PlyCount "48"]
[EventDate "2022.06.14"]
[EventType "tourn (corr)"]
[EventRounds "4"]
[EventCountry "GER"]
[SourceTitle "Corr 2024"]
[Source "ChessBase"]
[SourceDate "2023.10.19"]
[SourceVersion "1"]
[SourceVersionDate "2023.10.19"]
[SourceQuality "1"]

1. e4 c5 2. d4 cxd4 3. c3 dxc3 4. Nxc3 Nc6 5. Nf3 d6 6. Bf4 e5 7. Be3 Nf6 8. Bc4 Be7 9. 0-0 0-0 10. a3 h6 11. Qe2 a6 12. Rfd1 Re8 13. b4 b5 14. Ba2 Bd7 15. Rac1 Rc8 16. Nh4 Nd4 17. Bxd4 exd4 18. Rxd4 d5 19. e5 Ne4 20. Bxd5 Nxc3 21. Bxf7+ Kxf7 22. Qf3+ Kg8 23. Rxc3 Bxh4 24. Rxc8 Qxc8 0-1

[Event "OP-2022-0-05246"]
[Site "LSS email"]
[Date "2022.01.24"]
[Round "?"]
[White "Jokmin, Guido"]
[Black "Cerne, Peter"]
[Result "0-1"]
[WhiteElo "667"]
[BlackElo "1412"]
[PlyCount "64"]
[EventDate "2022.01.18"]
[EventType "tourn (corr)"]
[EventRounds "4"]
[EventCountry "GER"]
[SourceTitle "Corr 2024"]
[Source "ChessBase"]
[SourceDate "2023.10.19"]
[SourceVersion "1"]
[SourceVersionDate "2023.10.19"]
[SourceQuality "1"]

1. e4 c5 2. d4 cxd4 3. c3 Nf6 4. Bd3 dxc3 5. Nxc3 Nc6 6. Nf3 g6 7. b3 Bg7 8. Bb2 0-0 9. 0-0 d6 10. Nd5 Nxd5 11. Bxg7 Kxg7 12. exd5 Ne5 13. Nxe5 dxe5 14. Bc4 f6 15. Kh1 a6 16. f4 b5 17. Be2 exf4 18. Bf3 Qd6 19. Qc2 Bf5 20. Qd2 e5 21. Qe2 Rac8 22. Rfd1 Rc3 23. Rac1 Rxc1 24. Rxc1 e4 25. Bg4 Qxd5 26. Bxf5 Qxf5 27. Qf2 e3 28. Qh4 Rd8 29. h3 e2 30. Qe1 f3 31. Rc7+ Kg8 32. Kh2 Qe5+ 0-1

[Event "OP-2021-0-05147"]
[Site "LSS email"]
[Date "2021.06.03"]
[Round "?"]
[White "Jokmin, Guido"]
[Black "Wiaderek, Piotr"]
[Result "0-1"]
[WhiteElo "649"]
[BlackElo "1714"]
[PlyCount "34"]
[EventDate "2021.05.28"]
[EventType "tourn (corr)"]
[EventRounds "4"]
[EventCountry "GER"]
[SourceTitle "Corr 2024"]
[Source "ChessBase"]
[SourceDate "2023.10.19"]
[SourceVersion "1"]
[SourceVersionDate "2023.10.19"]
[SourceQuality "1"]

1. e4 e5 2. Nf3 Nc6 3. Bc4 Nf6 4. Ng5 d5 5. exd5 Na5 6. Bb3 h6 7. Ba4+ b5 8. Bxb5+ c6 9. dxc6 Qb6 10. Qe2 hxg5 11. Qxe5+ Be7 12. Nc3 Nxc6 13. Bxc6+ Qxc6 14. Qxg5 Rh5 15. Qe3 Qxg2 16. Rf1 Bh3 17. Qe2 Re5 0-1

[Event "OP-2021-0-05143"]
[Site "LSS email"]
[Date "2021.05.21"]
[Round "?"]
[White "Jokmin, Guido"]
[Black "Plastinin, Alexandr"]
[Result "0-1"]
[WhiteElo "671"]
[BlackElo "837"]
[PlyCount "50"]
[EventDate "2021.05.20"]
[EventType "tourn (corr)"]
[EventRounds "4"]
[EventCountry "GER"]
[SourceTitle "Corr 2024"]
[Source "ChessBase"]
[SourceDate "2023.10.19"]
[SourceVersion "1"]
[SourceVersionDate "2023.10.19"]
[SourceQuality "1"]

1. e4 e5 2. Nf3 Nc6 3. Bc4 d6 4. d4 Be7 5. c3 Nf6 6. dxe5 dxe5 7. Qe2 0-0 8. b4 a6 9. 0-0 h6 10. Rd1 Bd6 11. Nbd2 Qe7 12. Bd5 Nd8 13. Bb2 Nxd5 14. exd5 Bg4 15. Qe4 f5 16. Qc2 e4 17. Re1 Qf7 18. Nh4 Qf6 19. g3 Nf7 20. c4 Be5 21. Bxe5 Qxe5 22. Ng6 Qf6 23. Nxf8 Rxf8 24. Nb3 Ng5 25. h4 Nf3+ 0-1

[Event "OP-2021-0-05101"]
[Site "LSS email"]
[Date "2021.02.14"]
[Round "?"]
[White "Jokmin, Guido"]
[Black "Siekierska, Georg"]
[Result "0-1"]
[WhiteElo "693"]
[BlackElo "1861"]
[PlyCount "62"]
[EventDate "2021.02.14"]
[EventType "tourn (corr)"]
[EventRounds "4"]
[EventCountry "GER"]
[SourceTitle "Corr 2024"]
[Source "ChessBase"]
[SourceDate "2023.10.19"]
[SourceVersion "1"]
[SourceVersionDate "2023.10.19"]
[SourceQuality "1"]

1. e4 c5 2. d4 cxd4 3. c3 dxc3 4. Nxc3 Nc6 5. Bc4 d6 6. Nf3 a6 7. Bf4 Nf6 8. Qe2 Bg4 9. 0-0 e6 10. Rfd1 Nh5 11. Be3 Ne5 12. Bb3 Be7 13. Bd4 Bxf3 14. gxf3 Nf4 15. Qf1 Nxf3+ 16. Kh1 Nxd4 17. Rxd4 Bf6 18. Rdd1 0-0 19. Bc2 Be5 20. f3 Qh4 21. Rd2 Rac8 22. Rc1 Rc7 23. a4 Rfc8 24. Bb3 Bxc3 25. bxc3 Rxc3 26. Rxc3 Rxc3 27. Rc2 Rxc2 28. Bxc2 Qg5 29. Qf2 g6 30. h4 Qe5 31. Qf1 b5 0-1

[Event "OP-2021-0-05101"]
[Site "LSS email"]
[Date "2021.02.14"]
[Round "?"]
[White "Jokmin, Guido"]
[Black "Zocchia, Luciano"]
[Result "0-1"]
[WhiteElo "693"]
[BlackElo "1416"]
[PlyCount "38"]
[EventDate "2021.02.14"]
[EventType "tourn (corr)"]
[EventRounds "4"]
[EventCountry "GER"]
[SourceTitle "Corr 2024"]
[Source "ChessBase"]
[SourceDate "2023.10.19"]
[SourceVersion "1"]
[SourceVersionDate "2023.10.19"]
[SourceQuality "1"]

1. e4 e5 2. Nf3 Nc6 3. Bc4 Bc5 4. b4 Bxb4 5. c3 Ba5 6. Qb3 Qe7 7. d4 exd4 8. 0-0 Bb6 9. Ba3 d6 10. cxd4 Nxd4 11. Nxd4 Bxd4 12. Nc3 Nf6 13. Kh1 0-0 14. f3 b5 15. Nd5 Qe5 16. Bxb5 Bxa1 17. Nxc7 Rb8 18. Qa4 Bd4 19. Bd3 Nh5 0-1

[Event "OP-2021-0-05082"]
[Site "LSS email"]
[Date "2021.01.11"]
[Round "?"]
[White "Jokmin, Guido"]
[Black "Bieszk, Stanislaw"]
[Result "1-0"]
[WhiteElo "683"]
[BlackElo "826"]
[PlyCount "59"]
[EventDate "2021.01.11"]
[EventType "tourn (corr)"]
[EventRounds "4"]
[EventCountry "GER"]
[SourceTitle "Corr 2022"]
[Source "ChessBase"]
[SourceDate "2021.10.24"]
[SourceVersion "1"]
[SourceVersionDate "2021.10.24"]
[SourceQuality "1"]

1. e4 c5 2. d4 cxd4 3. c3 d3 4. Bxd3 Nc6 5. Nf3 d6 6. c4 Bg4 7. Be3 Nf6 8. Nc3 Ne5 9. Be2 Nxf3+ 10. Bxf3 Bxf3 11. Qxf3 g6 12. 0-0 Bg7 13. Rfd1 0-0 14. e5 Ne8 15. exd6 Bxc3 16. bxc3 exd6 17. c5 Qf6 18. Qxb7 Ng7 19. Bd4 Qe6 20. cxd6 Rfb8 21. Qa6 Nf5 22. Re1 Qd7 23. Bc5 Qb5 24. Qxb5 Rxb5 25. d7 Rxc5 26. Re8+ Rxe8 27. dxe8Q+ Kg7 28. Qd7 Rxc3 29. g4 Nh4 30. Qd4+ 1-0

[Event "OP-2021-0-05080"]
[Site "LSS email"]
[Date "2021.01.09"]
[Round "?"]
[White "Misericordia, Antonio"]
[Black "Jokmin, Guido"]
[Result "1-0"]
[WhiteElo "2303"]
[BlackElo "683"]
[PlyCount "35"]
[EventDate "2021.01.07"]
[EventType "tourn (corr)"]
[EventRounds "4"]
[EventCountry "GER"]
[SourceTitle "Corr 2024"]
[Source "ChessBase"]
[SourceDate "2023.10.19"]
[SourceVersion "1"]
[SourceVersionDate "2023.10.19"]
[SourceQuality "1"]

1. e4 e6 2. d4 d5 3. exd5 exd5 4. Nf3 Bd6 5. Bd3 Nf6 6. 0-0 0-0 7. Bg5 Re8 8. Nbd2 c5 9. dxc5 Bxc5 10. c4 Qb6 11. Bxf6 Qxf6 12. Qc2 Na6 13. cxd5 b6 14. Rfe1 Bb7 15. Ne4 Qe7 16. Neg5 Qf6 17. Bxa6 Bxa6 18. Qxh7+ 1-0

[Event "OP-2021-0-05078"]
[Site "LSS email"]
[Date "2021.01.05"]
[Round "?"]
[White "Lombardi, Donato"]
[Black "Jokmin, Guido"]
[Result "0-1"]
[WhiteElo "823"]
[BlackElo "683"]
[PlyCount "44"]
[EventDate "2021.01.01"]
[EventType "tourn (corr)"]
[EventRounds "4"]
[EventCountry "GER"]
[SourceTitle "Corr 2022"]
[Source "ChessBase"]
[SourceDate "2021.10.24"]
[SourceVersion "1"]
[SourceVersionDate "2021.10.24"]
[SourceQuality "1"]

1. e4 e5 2. Nf3 Nc6 3. d4 d6 4. dxe5 Nxe5 5. Nxe5 dxe5 6. Qxd8+ Kxd8 7. Nc3 c6 8. Be3 Nf6 9. 0-0-0+ Bd7 10. Bc4 Kc7 11. Bxf7 g6 12. Bb3 b5 13. g3 Ng4 14. Bg5 Nxf2 15. Rdf1 Nxh1 16. Rxh1 Bd6 17. Rd1 a5 18. Ne2 Rhf8 19. Ng1 a4 20. Bd5 cxd5 21. exd5 b4 22. Nf3 Rxf3 0-1

[Event "OP-2020-0-05075"]
[Site "LSS email"]
[Date "2020.12.28"]
[Round "?"]
[White "Guerin, Bernard"]
[Black "Jokmin, Guido"]
[Result "1-0"]
[WhiteElo "800"]
[BlackElo "711"]
[PlyCount "63"]
[EventDate "2020.12.28"]
[EventType "tourn (corr)"]
[EventRounds "4"]
[EventCountry "GER"]
[SourceTitle "Corr 2022"]
[Source "ChessBase"]
[SourceDate "2021.10.24"]
[SourceVersion "1"]
[SourceVersionDate "2021.10.24"]
[SourceQuality "1"]

1. e3 b6 2. c3 Bb7 3. f3 Nf6 4. Nh3 e5 5. Be2 Nc6 6. 0-0 Be7 7. f4 0-0 8. fxe5 Nxe5 9. d4 Ng6 10. Bh5 Nh4 11. Bf3 Nxf3+ 12. gxf3 d5 13. Qe2 a5 14. Qg2 c5 15. Kh1 Qd6 16. Rg1 g6 17. Na3 Bc6 18. Bd2 cxd4 19. exd4 Nh5 20. f4 b5 21. Nc2 Rfe8 22. f5 b4 23. fxg6 fxg6 24. Raf1 Bf6 25. Nf4 Ng7 26. Nxg6 Re4 27. Nf4 Kh8 28. Rf3 bxc3 29. bxc3 Rf8 30. Qh3 Bd7 31. Qh6 Nf5 32. Ng6+ 1-0

[Event "OP-2020-0-05072"]
[Site "LSS email"]
[Date "2020.12.24"]
[Round "?"]
[White "Farr, Dorota"]
[Black "Jokmin, Guido"]
[Result "1-0"]
[WhiteElo "1861"]
[BlackElo "699"]
[PlyCount "25"]
[EventDate "2020.12.23"]
[EventType "tourn (corr)"]
[EventRounds "4"]
[EventCountry "GER"]
[SourceTitle "Corr 2022"]
[Source "ChessBase"]
[SourceDate "2021.10.24"]
[SourceVersion "1"]
[SourceVersionDate "2021.10.24"]
[SourceQuality "1"]

1. d4 Nf6 2. f3 d5 3. e4 dxe4 4. Nc3 exf3 5. Nxf3 g6 6. Bc4 e6 7. 0-0 Bg7 8. Bg5 0-0 9. Ne4 c6 10. Ne5 Nbd7 11. Nxd7 Bxd7 12. Nxf6+ Bxf6 13. Bxf6 1-0

[Event "OP-2020-0-05065"]
[Site "LSS email"]
[Date "2020.12.21"]
[Round "?"]
[White "Jokmin, Guido"]
[Black "Johanson, Frans"]
[Result "0-1"]
[WhiteElo "725"]
[BlackElo "1867"]
[PlyCount "50"]
[EventDate "2020.12.08"]
[EventType "tourn (corr)"]
[EventRounds "4"]
[EventCountry "GER"]
[SourceTitle "Corr 2022"]
[Source "ChessBase"]
[SourceDate "2021.10.24"]
[SourceVersion "1"]
[SourceVersionDate "2021.10.24"]
[SourceQuality "1"]

1. e4 e5 2. Nf3 Nf6 3. Nxe5 d6 4. Nf3 Nxe4 5. Qe2 Qe7 6. d3 Nf6 7. Bg5 Be6 8. Nc3 Nc6 9. 0-0-0 d5 10. Kb1 0-0-0 11. d4 h6 12. Bh4 g5 13. Bg3 Ne4 14. Qe3 Bg7 15. Ne5 Nxe5 16. dxe5 Nxg3 17. hxg3 Kb8 18. Nb5 c5 19. Qa3 a6 20. Nc3 Bxe5 21. Na4 Bd6 22. Bxa6 bxa6 23. Nb6 Qb7 24. Na4 d4 25. Nxc5 Qb5 0-1

[Event "OP-2020-0-05065"]
[Site "LSS email"]
[Date "2020.12.10"]
[Round "?"]
[White "Jokmin, Guido"]
[Black "Portas, Daniel"]
[Result "0-1"]
[WhiteElo "725"]
[BlackElo "800"]
[PlyCount "74"]
[EventDate "2020.12.08"]
[EventType "tourn (corr)"]
[EventRounds "4"]
[EventCountry "GER"]
[SourceTitle "Corr 2022"]
[Source "ChessBase"]
[SourceDate "2021.10.24"]
[SourceVersion "1"]
[SourceVersionDate "2021.10.24"]
[SourceQuality "1"]

1. e4 e5 2. Nf3 Nc6 3. Bc4 Nf6 4. Ng5 d5 5. exd5 Na5 6. Bb5+ c6 7. dxc6 bxc6 8. Ba4 Qb6 9. Qe2 Bd6 10. 0-0 0-0 11. Nc3 Bf5 12. Qf3 Bg6 13. d3 Rfd8 14. a3 Rac8 15. b4 Nb7 16. Bb3 Qd4 17. Bd2 Rc7 18. Ne2 Qg4 19. Qxg4 Nxg4 20. f3 Nf6 21. Be3 c5 22. f4 Ng4 23. Bd2 Bh5 24. Ng3 h6 25. Nxh5 hxg5 26. fxg5 e4 27. Bf4 exd3 28. g6 c4 29. gxf7+ Kf8 30. Ba4 d2 31. c3 Rxf7 32. Bxd6+ Rxd6 33. Bb5 Ne3 34. Rxf7+ Kxf7 35. Ba4 d1Q+ 36. Bxd1 Rxd1+ 37. Rxd1 Nxd1 0-1

[Event "OP-2020-0-05061"]
[Site "LSS email"]
[Date "2020.12.02"]
[Round "?"]
[White "Chronopoulos, Antonios"]
[Black "Jokmin, Guido"]
[Result "1-0"]
[WhiteElo "800"]
[BlackElo "712"]
[PlyCount "28"]
[EventDate "2020.11.28"]
[EventType "tourn (corr)"]
[EventRounds "4"]
[EventCountry "GER"]
[SourceTitle "Corr 2024"]
[Source "ChessBase"]
[SourceDate "2023.10.19"]
[SourceVersion "1"]
[SourceVersionDate "2023.10.19"]
[SourceQuality "1"]

1. d4 Nf6 2. c4 e6 3. Nf3 g6 4. h3 Bg7 5. Nc3 Nc6 6. e4 d6 7. Bg5 Bd7 8. e5 dxe5 9. dxe5 Nxe5 10. Nxe5 0-0 11. Bxf6 Bxf6 12. Nxd7 Re8 13. Nxf6+ Kh8 14. Nxe8 Qxe8 1-0

[Event "OP-2020-0-05061"]
[Site "LSS email"]
[Date "2020.12.02"]
[Round "?"]
[White "Guenther, Rainer"]
[Black "Jokmin, Guido"]
[Result "0-1"]
[WhiteElo "920"]
[BlackElo "712"]
[PlyCount "64"]
[EventDate "2020.11.28"]
[EventType "tourn (corr)"]
[EventRounds "4"]
[EventCountry "GER"]
[SourceTitle "Corr 2024"]
[Source "ChessBase"]
[SourceDate "2023.10.19"]
[SourceVersion "1"]
[SourceVersionDate "2023.10.19"]
[SourceQuality "1"]

1. e4 e6 2. Nf3 d5 3. exd5 exd5 4. d4 c5 5. Bb5+ Nc6 6. Ne5 Bd7 7. Nxd7 Qxd7 8. 0-0 Nf6 9. c3 0-0-0 10. Qa4 a6 11. Be2 cxd4 12. cxd4 h5 13. Bf4 Re8 14. Nc3 Bd6 15. Bxd6 Qxd6 16. Bxa6 bxa6 17. Qxa6+ Kd7 18. Nb5 Qb8 19. Rac1 Re6 20. Qa4 Qa8 21. Qb3 Rc8 22. a4 Na5 23. Qh3 Rcc6 24. Rc5 g6 25. Rxd5+ Nxd5 26. Qf3 Rc4 27. Qxf7+ Ne7 28. d5 Ree4 29. d6 Nac6 30. dxe7 Nxe7 31. Rd1+ Kc6 32. Qf6+ Kc5 0-1

[Event "OP-2020-0-05061"]
[Site "LSS email"]
[Date "2020.12.02"]
[Round "?"]
[White "Jokmin, Guido"]
[Black "Shim Ng Min, Francis"]
[Result "0-1"]
[WhiteElo "712"]
[BlackElo "1185"]
[PlyCount "48"]
[EventDate "2020.11.28"]
[EventType "tourn (corr)"]
[EventRounds "4"]
[EventCountry "GER"]
[SourceTitle "Corr 2024"]
[Source "ChessBase"]
[SourceDate "2023.10.19"]
[SourceVersion "1"]
[SourceVersionDate "2023.10.19"]
[SourceQuality "1"]

1. e4 c5 2. d4 cxd4 3. c3 e6 4. Nf3 dxc3 5. Nxc3 d6 6. Bf4 Be7 7. Bc4 Nf6 8. 0-0 0-0 9. Qe2 e5 10. Be3 Bg4 11. Rfd1 Nbd7 12. Rac1 a6 13. Na4 b5 14. Bxf7+ Rxf7 15. Nc3 Qa5 16. Bd2 b4 17. Nb1 Qxa2 18. Bxb4 Bxf3 19. Qxf3 Qxb2 20. Bc3 Qb7 21. Nd2 Nc5 22. Re1 Nfxe4 23. Qh3 Nxf2 24. Qe3 Nfd3 0-1